Presidents of El Salvador by Picture - Statistics

General Stats
  • This quiz has been taken 21 times
  • The average score is 43 of 81
Answer Stats
Picture Hint Answer % Correct
2019-Present Nayib Bukele
100%
2009-2014 Mauricio Funes
88%
2014-2019 Salvador Sánchez Cerén
88%
1989-1994 Alfredo Cristiani
76%
2004-2009 Antonio Saca
76%
1994-1999 Armando Calderón Sol
71%
1832 | 1839-1840 Francisco Morazán
71%
1931-1934 | 1935-1944 Maximiliano Hernández Martínez
71%
1967-1972 Fidel Sánchez Hernández
65%
1999-2004 Francisco Flores Pérez
65%
1821-1823 José Matías Delgado
59%
1841 | 1841-1842 Juan Lindo
59%
1824 Juan Manuel Rodríguez
59%
1911-1913 Manuel Enrique Araujo
59%
1944-1945 Osmín Aguirre y Salinas
59%
1850 Ramón Rodríguez
59%
1945-1948 Salvador Castaneda Castro
59%
1914-1915 | 1918-1919 | 1923-1927 Alfonso Quiñónez Molina
53%
1934-1935 | 1944 Andrés Ignacio Menéndez
53%
1931 Arturo Araujo
53%
1972-1977 Arturo Armando Molina
53%
1977-1979 Carlos Humberto Romero
53%
1913-1914 | 1915-1918 Carlos Meléndez
53%
1843 | 1843-1844 Cayetano Molina
53%
1835-1836 Francisco Gómez
53%
1844-1845 Francisco Malespín
53%
1885-1890 Francisco Menéndez
53%
1858 | 1859-1860 | 1861-1863 Gerardo Barrios
53%
1832 | 1833-1834 Joaquín de San Martín
53%
1845-1846 | 1859 Joaquín Eufrasio Guzmán
53%
1919-1923 Jorge Meléndez
53%
1842 | 1842 José Escolástico Marín
53%
1834 José Gregorio Salazar
53%
1956-1960 José María Lemus
53%
1852 | 1854-1856 José María San Martín
53%
1984-1989 José Napoleón Duarte
53%
1842 | 1842-1843 Juan José Guzmán
53%
1840-1841 Norberto Ramírez
53%
1950-1956 Óscar Osorio
53%
1841 | 1843 | 1844 Pedro José Arce
53%
1837 | 1838 Timoteo Menéndez
53%
1854 Vicente Gómez
53%
1982-1984 Álvaro Magaña
47%
1838-1839 | 1840 Antonio José Cañas
47%
1834 Carlos Salazar Castro
47%
1842 Dionisio Villacorta
47%
1846 | 1846-1848 Eugenio Aguilar
47%
1823 Felipe Codallos
47%
1844 | 1845 | 1846 | 1846 Fermín Palacios
47%
1851 | 1851-1852 | 1852-1854 | 1856 | 1856 | 1863-1871 Francisco Dueñas
47%
1834 | 1835 Joaquín Escolán y Balibrera
47%
1830 José Damián Villacorta
47%
1848 | 1851 José Félix Quirós
47%
1829-1830 | 1830-1832 José María Cornejo
47%
1834-1835 | 1840 José María Silva
47%
1824-1826 Juan Vicente Villacorta
47%
1962-1967 Julio Adalberto Rivera Carballo
47%
1858 Lorenzo Zepeda
47%
1823-1824 | 1824 | 1826-1829 | 1832-1833 Mariano Prado
47%
1858 | 1858-1859 Miguel Santín del Castillo
47%
1835 Nicolás Espinoza
47%
1821 Pedro Barriere
47%
1927-1931 Pío Romero Bosque
47%
1876-1884 | 1884-1885 Rafael Zaldívar
47%
1899-1903 Tomás Regalado Romero
47%
1823 Vicente Filísola
47%
1884 Ángel Guirola
41%
1894 Antonio Ezeta
41%
1890-1894 Carlos Ezeta
41%
1836-1837 | 1837-1838 Diego Vigil y Cocaña
41%
1848-1850 | 1850-1851 Doroteo Vasconcelos
41%
1962 Eusebio Rodolfo Cordón Cea
41%
1885 | 1907-1911 Fernando Figueroa
41%
1859 | 1860-1861 José María Peralta
41%
1885 José Rosales Herrador
41%
1872 Manuel Méndez
41%
1903-1907 Pedro José Escalón
41%
1894-1898 Rafael Antonio Gutiérrez
41%
1856 | 1856-1858 Rafael Campo
41%
1871-1872 | 1872-1876 Santiago González Portillo
41%
1848 Tomás Medina
41%
No matching quizzes found
Score Distribution
Percent of People with Each Score
Percentile by Number Answered
Your Score History
You have not taken this quiz